|
|
|
|
| LEADER |
02260nam a22004093i 4500 |
| 001 |
EBC6511344 |
| 003 |
MiAaPQ |
| 005 |
20231204023215.0 |
| 006 |
m o d | |
| 007 |
cr cnu|||||||| |
| 008 |
231204s2021 xx o ||||0 eng d |
| 020 |
|
|
|a 9781438483306
|q (electronic bk.)
|
| 020 |
|
|
|z 9781438483290
|
| 035 |
|
|
|a (MiAaPQ)EBC6511344
|
| 035 |
|
|
|a (Au-PeEL)EBL6511344
|
| 035 |
|
|
|a (OCoLC)1241451147
|
| 040 |
|
|
|a MiAaPQ
|b eng
|e rda
|e pn
|c MiAaPQ
|d MiAaPQ
|
| 082 |
0 |
|
|a 982.004924
|
| 100 |
1 |
|
|a Kaminsky, Amy K.
|
| 245 |
1 |
4 |
|a The Other/Argentina :
|b Jews, Gender, and Sexuality in the Making of a Modern Nation.
|
| 250 |
|
|
|a 1st ed.
|
| 264 |
|
1 |
|a Albany :
|b State University of New York Press,
|c 2021.
|
| 264 |
|
4 |
|c Ã2021.
|
| 300 |
|
|
|a 1 online resource (264 pages)
|
| 336 |
|
|
|a text
|b txt
|2 rdacontent
|
| 337 |
|
|
|a computer
|b c
|2 rdamedia
|
| 338 |
|
|
|a online resource
|b cr
|2 rdacarrier
|
| 490 |
1 |
|
|a SUNY Press Open Access Series
|
| 505 |
0 |
|
|a Intro -- Contents -- List of Illustrations -- Preface -- Acknowledgments -- 1 Planting Wheat and Reaping Doctors: Another Way of Being Argentine -- 2 Modernity, Cosmopolitanism, and Anxiety -- 3 Provisional Identity -- 4 Family Stories and the Invention of Memory -- 5 Jewish Legibility and Argentine Self-Fashioning -- 6 Incidental Jewishness -- 7 Embedded Jewishness: Memory and the State in Times of Terror -- 8 Troubling Difference: Jewishness, Gender, and Transgressive Sexuality -- By Way of Conclusion -- Notes -- Bibliography -- Filmography -- Index.
|
| 520 |
|
|
|a Argues that Jewishness is an essential element of Argentina's self-fashioning as a modern nation.
|
| 588 |
|
|
|a Description based on publisher supplied metadata and other sources.
|
| 590 |
|
|
|a Electronic reproduction. Ann Arbor, Michigan : ProQuest Ebook Central, 2023. Available via World Wide Web. Access may be limited to ProQuest Ebook Central affiliated libraries.
|
| 655 |
|
4 |
|a Electronic books.
|
| 776 |
0 |
8 |
|i Print version:
|a Kaminsky, Amy K.
|t The Other/Argentina
|d Albany : State University of New York Press,c2021
|z 9781438483290
|
| 797 |
2 |
|
|a ProQuest (Firm)
|
| 830 |
|
0 |
|a SUNY Press Open Access Series
|
| 856 |
4 |
0 |
|u https://ebookcentral.proquest.com/lib/matrademy/detail.action?docID=6511344
|z Click to View
|